Grandezas y miserias del proceso penal / (Registro nro. 19514)

Detalles MARC
000 -LEADER
fixed length control field 01390nam a2200277 4500
001 - CONTROL NUMBER
control field 0000021120
003 - CONTROL NUMBER IDENTIFIER
control field CO-CtgCURN
005 - DATE AND TIME OF LATEST TRANSACTION
control field 20260211003121.0
007 - PHYSICAL DESCRIPTION FIXED FIELD--GENERAL INFORMATION
fixed length control field ta
008 - FIXED-LENGTH DATA ELEMENTS--GENERAL INFORMATION
fixed length control field 160627s2003 000 0 eng d
020 ## - INTERNATIONAL STANDARD BOOK NUMBER
International Standard Book Number 9586905365
040 ## - CATALOGING SOURCE
Original cataloging agency CO-CtgCURN
Language of cataloging spa
Transcribing agency coctgcurn
082 0# - DEWEY DECIMAL CLASSIFICATION NUMBER
Classification number 347.02
Item number L65g
100 1# - MAIN ENTRY--PERSONAL NAME
Personal name Londoño Jiménez, Hernando.
245 10 - TITLE STATEMENT
Title Grandezas y miserias del proceso penal /
Statement of responsibility, etc. Hernando Londoño Jiménez.
260 ## - PUBLICATION, DISTRIBUTION, ETC.
Place of publication, distribution, etc. Bogotá :
Name of publisher, distributor, etc. Leyer,
Date of publication, distribution, etc. 2003.
300 ## - PHYSICAL DESCRIPTION
Extent 191 p.
336 ## - CONTENT TYPE
Source rdacontent
337 ## - MEDIA TYPE
Source rdamedia
Media type term sin mediacion
Media type code n
338 ## - CARRIER TYPE
Source rdacarrier
Carrier type term volumen
Carrier type code nc
505 8# - FORMATTED CONTENTS NOTE
Formatted contents note Apelacion de la resolucion acusatoria.--dictamen psiquiatrico.--Inconsciencia.--Antecedentes familiares de enfermedades mentales.--Conducta anormal de la sindicada.--El embarazo.--El imposible moral.--La peritacion del psiquiatra.--El niño cayo al suelo.--El cordon umbilical.--Dios como testigo.--Libre albedrio.--Testimio de la psicologa Martha Cecilia Restrepo.--Testimonio del psiquiatra forense.--Nulidad.--Reconocimiento.--Alternativas del fallo y la duda.--Apelacion de la sentencia condenatoria.--Refutacion de la sentencia.--Revocatoria de la sentencia de primera instancia
650 14 - SUBJECT ADDED ENTRY--TOPICAL TERM
Topical term or geographic name entry element Procedimiento penal.
908 ## - PUT COMMAND PARAMETER (RLIN)
Put command parameter 160627
942 ## - ADDED ENTRY ELEMENTS (KOHA)
Koha item type Libros
Classification part 347.02
Item part L65g
Source of classification or shelving scheme Dewey Decimal Classification
Suppress in OPAC No
Existencias
Withdrawn status Lost status Source of classification or shelving scheme Damaged status Not for loan Collection Home library Current library Shelving location Date acquired Inventory number Total checkouts Full call number Barcode Date last seen Copy number Price effective from Koha item type Public note
    Dewey Decimal Classification     General Miguel Henríquez Castañeda Miguel Henríquez Castañeda General 03/31/2025 004349   347.02 L65g 004349 03/31/2025 ej.1 03/31/2025 Libros 340-DEREC